000 00411nam a22001457a 4500
005 20260414111240.0
008 260414b |||||||| |||| 00| 0 eng d
082 _a297.27
_bMUH-I
100 _aMuhammad Umar Riaz
245 _aIslam and Wildlife : Right, Well-Being and Treatment
260 _aPakistan
_bMinhaj ul Quran Publications, Lahore
_c2021
300 _a93 p.
650 _aEducation
942 _cBK
999 _c47305
_d47305